| 000 | 00521cam a22001691 4500 | ||
|---|---|---|---|
| 040 | _cDLC | ||
| 082 | 0 | 0 | _a370 PUB 1961 A089 Or. |
| 100 | 1 | _aStahl, Walter, | |
| 245 | 1 | 0 |
_aEducation for democracy in West Germany; _bachievements, shortcomings, prospects. |
| 260 |
_aNew York, _bPublished for Atlantik-Bruecke by F. A. Praeger _c[1961] |
||
| 300 |
_axi, 356 p. _billus., diagr. _c24 cm. |
||
| 490 | 0 | _aBooks that matter | |
| 650 | 0 | _aEducation | |
| 650 | 0 | _aCivics, German | |
| 650 | 0 | _aNational socialism. | |
| 942 | _cEK | ||
| 999 |
_c16294 _d16294 |
||